| 000 | 00783nam a2200217 i 4500 | ||
|---|---|---|---|
| 001 | 45025 | ||
| 003 | ES-MaACL | ||
| 005 | 20230906161134.0 | ||
| 007 | t| | ||
| 008 | 030325s1925 xxu ||||1| eng d | ||
| 100 | 1 |
_aClausing, Roth. _939100 |
|
| 245 | 1 | 4 |
_aThe roman colonate _b: the theories of its origin / _cby Roth Clausing ; wits an introduction by Vladimir Simkhovitch. |
| 260 |
_aNew York : _bColumbia University : _bLongman Green, _c1925. |
||
| 300 |
_a333 p. ; _c23 cm. |
||
| 490 | 1 |
_aStudies in history economics and public law ; _v117 |
|
| 700 | 1 |
_aSimkhovitch, Vladimir. _9106479 |
|
| 710 | 2 |
_aColumbia University. _93002 |
|
| 830 | 0 |
_aStudies in history economics and public law ; _v117 _9229918 |
|
| 852 |
_aES-MaACL _jC-3919 _bR.23677 |
||
| 999 |
_c45025 _d45025 |
||